[Event "SPICE Cup Open 2017"]
[Site "Saint Louis USA"]
[Date "2017.10.21"]
[Round "1.1"]
[White "Williams, Justus"]
[Black "Bruzon Batista, Lazaro"]
[Result "0-1"]
[WhiteTitle "FM"]
[BlackTitle "GM"]
[WhiteElo "2371"]
[BlackElo "2660"]
[WhiteFideId "2049929"]
[BlackFideId "3503739"]
[EventDate "2017.10.21"]

1. d4 Nf6 2. c4 e6 3. g3 c5 4. d5 exd5 5. cxd5 g6 6. Nc3 d6 7. Bg2 Bg7 8. Nf3
O-O 9. O-O Nbd7 10. Nd2 Re8 11. h3 a6 12. a4 Rb8 13. Nc4 Nb6 14. Na3 Bd7 15. a5
Nc8 16. Nc4 Bb5 17. Qb3 Bxc4 18. Qxc4 Nd7 19. Qa4 Na7 20. Bf4 Ne5 21. Rab1 b5
22. axb6 Qxb6 23. Ra1 Nb5 24. Qxa6 Nd4 25. Rfb1 Qc7 26. Qa4 Qe7 27. Qd1 Rb6 28.
e3 Nb3 29. Ra3 Reb8 30. Bf1 Nd2 31. Rba1 Nef3+ 32. Kh1 g5 33. Bg2 gxf4 34. exf4
Nb3 35. Ra7 Qe8 36. Qxf3 Nxa1 37. Rxa1 Rxb2 38. Ne4 Rb1+ 39. Rxb1 Rxb1+ 40. Kh2
Qe7 41. Qa3 Rb4 42. Qa8+ Bf8 43. Ng5 h6 44. Nf3 Rb2 45. Qc8 Rxf2 46. Qg4+ Kh8
47. Nh4 Qe8 48. Kg1 Ra2 49. Qf5 Bg7 50. Be4 Qg8 51. g4 c4 52. g5 Ra8 53. Kf2
Bd4+ 54. Kf3 c3 55. g6 Ra2 56. Qh5 Qg7 57. Qf5 Qg8 58. Qxf7 Bg7 59. Qc7 c2 60.
Nf5 Ra3+ 61. Kg4 Rc3 62. Qxd6 c1=Q 63. Nxg7 Qg1+ 64. Kf5 Rc8 65. Nh5 Rf8+ 0-1

[Event "SPICE Cup Open 2017"]
[Site "Saint Louis USA"]
[Date "2017.10.21"]
[Round "1.2"]
[White "Cori, Jorge"]
[Black "Grabinsky, Aaron"]
[Result "1-0"]
[WhiteTitle "GM"]
[WhiteElo "2657"]
[BlackElo "2366"]
[WhiteFideId "3802272"]
[BlackFideId "2087090"]
[EventDate "2017.10.21"]

1. Nf3 Nf6 2. c4 c5 3. Nc3 b6 4. e4 d6 5. d4 cxd4 6. Nxd4 Bb7 7. Bd3 Nbd7 8. O-O
g6 9. Re1 Bg7 10. Bg5 O-O 11. Qd2 Rc8 12. Bf1 Ne5 13. b3 Nc6 14. Nxc6 Bxc6 15.
Rad1 Re8 16. Nd5 Qd7 17. a4 Qe6 18. Bd3 Nd7 19. h3 Nc5 20. Bc2 Qd7 21. h4 h5 22.
f3 Ne6 23. Be3 Rcd8 24. f4 Nf8 25. f5 Be5 26. Rf1 Nh7 27. Bf4 Bg7 28. Bh6 e6 29.
Bxg7 exd5 30. Bc3 dxe4 31. Qh6 1-0

[Event "SPICE Cup Open 2017"]
[Site "Saint Louis USA"]
[Date "2017.10.21"]
[Round "1.3"]
[White "Heimann, Mark"]
[Black "Robson, Ray"]
[Result "1/2-1/2"]
[WhiteTitle "FM"]
[BlackTitle "GM"]
[WhiteElo "2363"]
[BlackElo "2644"]
[WhiteFideId "2028441"]
[BlackFideId "2023970"]
[EventDate "2017.10.21"]

1. c4 e5 2. Nc3 Nc6 3. Nf3 f5 4. d4 e4 5. d5 exf3 6. dxc6 fxg2 7. cxd7+ Bxd7 8.
Bxg2 c6 9. Qd4 Be6 10. Qe3 Kf7 11. Bd2 Qh4 12. b3 Nf6 13. Qg3 Qxg3 14. hxg3 Rd8
15. Be3 Ng4 16. Bxa7 Bb4 17. Rc1 Ra8 18. Bd4 Rxa2 19. f3 Nf6 20. Bc5 Bxc3+ 21.
Rxc3 Re8 22. Be3 b5 23. Kf2 bxc4 24. bxc4 Rb8 25. Rhc1 Rbb2 26. Bf1 h6 27. Bd4
g5 28. Re3 f4 29. gxf4 gxf4 30. Rxe6 Kxe6 31. Bh3+ Ke7 32. Bxb2 Rxb2 33. Rg1 Nh5
34. Rg6 Ng3 35. Bf1 Rb1 36. Bh3 Rb2 37. Bf1 1/2-1/2

[Event "SPICE Cup Open 2017"]
[Site "Saint Louis USA"]
[Date "2017.10.21"]
[Round "1.4"]
[White "Shimanov, Aleksandr"]
[Black "Peng, David"]
[Result "1-0"]
[WhiteTitle "GM"]
[BlackTitle "FM"]
[WhiteElo "2640"]
[BlackElo "2330"]
[WhiteFideId "4198603"]
[BlackFideId "2059355"]
[EventDate "2017.10.21"]

1. Nf3 Nf6 2. g3 d5 3. Bg2 g6 4. c4 Bg7 5. cxd5 Nxd5 6. d4 Nc6 7. Nc3 Nb6 8. e3
O-O 9. O-O Re8 10. a3 e5 11. d5 Na5 12. Qc2 c6 13. b4 Nac4 14. dxc6 bxc6 15. Rd1
Qc7 16. Ne4 Bf5 17. Nfd2 Rad8 18. Re1 c5 19. a4 Nxd2 20. Bxd2 c4 21. Rac1 1-0

[Event "SPICE Cup Open 2017"]
[Site "Saint Louis USA"]
[Date "2017.10.21"]
[Round "1.5"]
[White "Santarius, Erik"]
[Black "Swiercz, Dariusz"]
[Result "1/2-1/2"]
[WhiteTitle "FM"]
[BlackTitle "GM"]
[WhiteElo "2318"]
[BlackElo "2639"]
[WhiteFideId "2025817"]
[BlackFideId "1126881"]
[EventDate "2017.10.21"]

1. e4 c5 2. Nf3 d6 3. Bb5+ Nd7 4. d4 cxd4 5. Qxd4 a6 6. Bxd7+ Bxd7 7. c4 Nf6 8.
Nc3 g6 9. O-O Bg7 10. Qd3 O-O 11. Be3 b5 12. cxb5 Bxb5 13. Nxb5 axb5 14. Bd4 Qb8
15. a3 Qb7 16. Rfe1 b4 17. e5 dxe5 18. Bxe5 bxa3 19. Rxa3 Rxa3 20. Qxa3 Ra8 21.
Qd3 Qd5 22. Qxd5 Nxd5 23. Bxg7 Kxg7 24. g3 Rb8 25. Re2 e6 26. h4 h6 27. Kg2 Rb4
28. Ne5 Rb3 29. Nf3 Rb4 30. Ne5 g5 31. hxg5 hxg5 32. Kh3 Rb3 33. Kg2 Kf6 34.
Ng4+ Ke7 35. Ne5 f6 36. Nc4 Rb5 37. Ne3 Nxe3+ 38. Rxe3 Rxb2 39. g4 Rb5 40. Kg3
Kd6 41. Rf3 Ke7 42. Re3 Ra5 43. Rb3 Rd5 44. Ra3 Rd1 45. Ra5 Kd6 46. Ra3 Ke5 47.
Re3+ Kd5 48. Kg2 Rd4 49. Kg3 e5 50. f3 Kc4 51. Kf2 Rd2+ 52. Kg3 Kd4 53. Ra3 Kc5
54. Ra6 Rd6 55. Ra4 Kb5 56. Ra8 Kc4 57. Kf2 Rd2+ 58. Ke3 Rd3+ 59. Ke4 Rd4+ 60.
Ke3 Rf4 61. Ra6 Kb5 62. Rd6 Kc5 63. Re6 Kd5 64. Ra6 e4 65. fxe4+ Ke5 66. Ra5+
Ke6 67. Ra6+ Kf7 68. Ra7+ Kg6 69. Ra6 Kf7 70. Ra7+ Kg6 71. Ra6 Rxg4 72. e5 Rf4
73. Rxf6+ Rxf6 74. exf6 Kxf6 75. Kf3 Kf5 76. Kg3 g4 77. Kg2 Kf4 78. Kf2 g3+ 79.
Kg2 Ke5 80. Kxg3 1/2-1/2

[Event "SPICE Cup Open 2017"]
[Site "Saint Louis USA"]
[Date "2017.10.21"]
[Round "1.6"]
[White "Durarbayli, Vasif"]
[Black "Furfine, Jacob"]
[Result "1-0"]
[WhiteTitle "GM"]
[BlackTitle "CM"]
[WhiteElo "2630"]
[BlackElo "2297"]
[WhiteFideId "13402935"]
[BlackFideId "2099462"]
[EventDate "2017.10.21"]

1. e4 c6 2. d4 d5 3. e5 Bf5 4. Nf3 e6 5. Be2 Ne7 6. O-O h6 7. a4 a5 8. Nbd2 Nd7
9. Nb3 g5 10. Ne1 c5 11. f4 c4 12. Nd2 gxf4 13. Kh1 Ng6 14. b3 cxb3 15. Nxb3 Rc8
16. Bb5 h5 17. Nd3 b6 18. Ra2 Bg4 19. Qe1 f3 20. gxf3 Bf5 21. Rg1 Be7 22. c3 h4
23. Nf4 Qc7 24. Nxg6 fxg6 25. c4 dxc4 26. Nd2 Qb7 27. Ne4 Qd5 28. Qe3 Rh5 29.
Ba3 Kf7 30. Bxe7 Kxe7 31. Bxd7 Bxe4 32. fxe4 Qxd7 33. Rxg6 Qe8 34. Rg7+ Kd8 35.
Rag2 Qxa4 36. Qf3 Rh6 37. Qf8+ Qe8 38. Qd6+ 1-0

[Event "SPICE Cup Open 2017"]
[Site "Saint Louis USA"]
[Date "2017.10.21"]
[Round "1.7"]
[White "Young, Angelo"]
[Black "Quesada Perez, Yuniesky"]
[Result "0-1"]
[WhiteTitle "IM"]
[BlackTitle "GM"]
[WhiteElo "2292"]
[BlackElo "2619"]
[WhiteFideId "5200490"]
[BlackFideId "3504409"]
[EventDate "2017.10.21"]

1. Nf3 d5 2. g3 c6 3. Bg2 Bg4 4. d3 Nd7 5. O-O e6 6. Nbd2 Bd6 7. Qe1 Ne7 8. b3
O-O 9. Bb2 a5 10. a3 c5 11. a4 Nc6 12. e4 Nb6 13. Qe3 f6 14. Rfe1 d4 15. Qe2 e5
16. h3 Bh5 17. Nb1 Qe7 18. Qf1 Bf7 19. Na3 Qd7 20. Bc1 Be6 21. Bd2 Nb4 22. Bxb4
cxb4 23. Nc4 Nxc4 24. dxc4 g6 25. Rad1 Rae8 26. Rd3 b6 27. Re2 Qc7 28. Qc1 Bc8
29. g4 Rf7 30. Ne1 Kh8 31. Nf3 Rg8 32. Qe1 Bf8 33. Qd2 Qd6 34. Kh1 Bg7 35. c3
bxc3 36. Rxc3 Bh6 37. Qd1 Bf4 38. Ne1 h5 39. f3 Rh7 40. Kg1 hxg4 41. fxg4 f5 42.
g5 Bxg5 43. Rd3 Bf4 44. Rf3 g5 45. Nd3 Be3+ 46. Rexe3 dxe3 47. Rf1 Qd4 48. Qe2
fxe4 49. Nc1 Qd2 50. Bxe4 Rxh3 51. Bd5 Re8 52. Qg2 Qxg2+ 53. Kxg2 Rh4 54. Rf6
Bg4 55. Nd3 e4 56. Ne1 Bf3+ 57. Kg3 Rg4+ 58. Kh2 Kg7 59. Rxf3 Rh8+ 0-1

[Event "SPICE Cup Open 2017"]
[Site "Saint Louis USA"]
[Date "2017.10.21"]
[Round "1.8"]
[White "Sevian, Samuel"]
[Black "Tsay, Vincent"]
[Result "1-0"]
[WhiteTitle "GM"]
[BlackTitle "FM"]
[WhiteElo "2615"]
[BlackElo "2265"]
[WhiteFideId "2040506"]
[BlackFideId "30931835"]
[EventDate "2017.10.21"]

1. e4 e6 2. d4 d5 3. Nc3 Bb4 4. e5 c5 5. a3 Ba5 6. Bd2 Nc6 7. Nb5 Nxd4 8. Nxd4
cxd4 9. Bb5+ Bd7 10. Bxd7+ Kxd7 11. Nf3 Ne7 12. O-O Bxd2 13. Qxd2 Nc6 14. Rfe1
Ke8 15. Nxd4 Nxd4 16. Qxd4 Kf8 17. Rad1 Qe7 18. Qa4 Qe8 19. Qb4+ Qe7 20. Qa4 Qe8
21. Qd4 Qe7 22. Qe3 h5 23. Rd4 Rc8 24. c3 g6 25. Rf4 b6 26. Qg3 Kg7 27. Rf6 Rc4
28. h3 Rd8 29. Qg5 Qc7 30. Re3 Re4 31. Rxe4 dxe4 32. Rf4 Rd1+ 33. Kh2 Re1 34.
Kg3 Kg8 35. Qf6 Re2 36. Kh4 e3 37. Rd4 Rxf2 38. Rd8+ Qxd8 39. Qxd8+ Kg7 40. Kg3
h4+ 41. Qxh4 Rxb2 42. Qe4 e2 43. Kf2 Ra2 44. a4 a6 45. Qb4 e1=Q+ 46. Kxe1 Rxg2
47. Qxb6 Rg3 48. c4 1-0

[Event "SPICE Cup Open 2017"]
[Site "Saint Louis USA"]
[Date "2017.10.21"]
[Round "1.9"]
[White "Plotkin, Victor"]
[Black "Prohaszka, Peter2"]
[Result "0-1"]
[WhiteTitle "FM"]
[BlackTitle "GM"]
[WhiteElo "2262"]
[BlackElo "2614"]
[WhiteFideId "2606674"]
[BlackFideId "726265"]
[EventDate "2017.10.21"]

1. e4 c6 2. Nc3 d5 3. Nf3 dxe4 4. Nxe4 Nf6 5. Nxf6+ exf6 6. Bc4 Bd6 7. Qe2+ Qe7
8. Qxe7+ Kxe7 9. O-O Rd8 10. d4 Bf5 11. c3 g5 12. Re1+ Kf8 13. Nd2 Nd7 14. Ne4
Bc7 15. b3 Kg7 16. Ba3 Bg6 17. Rad1 Re8 18. Nd6 Bxd6 19. Bxd6 Nb6 20. f3 Bc2 21.
Rxe8 Rxe8 22. Rd2 Bf5 23. Kf2 Rd8 24. Bg3 Nxc4 25. bxc4 Be6 26. c5 f5 27. Bd6
Kg6 28. Rb2 b5 29. cxb6 axb6 30. Bc7 Rc8 31. Bxb6 Ra8 32. Bc7 Ra3 33. Bd6 Rxc3
34. Bc5 Rc1 35. Ke2 Ra1 36. a3 f4 37. Kd3 h5 38. Kc3 Bd5 39. h3 f5 40. Bd6 g4
41. hxg4 fxg4 42. fxg4 hxg4 43. Bxf4 Rxa3+ 44. Kb4 Rd3 45. Kc5 Kf5 46. g3 Ke4
47. Rf2 Rc3+ 48. Kd6 Rf3 49. Re2+ Kxd4 50. Be5+ Kd3 51. Rh2 Rf5 52. Rh4 Rg5 53.
Bf4 Rg6+ 54. Kc5 Ke4 55. Rh5 Kf3 56. Re5 Rf6 57. Re3+ Kf2 58. Rc3 Bf3 59. Rc2+
Kf1 60. Kd4 Re6 61. Be5 Re8 62. Bf4 Re4+ 63. Kc5 Ra4 64. Kd6 Ra5 65. Ke6 Rb5 66.
Kd6 Ke1 67. Ke6 Be4 68. Rh2 c5 69. Ke5 Bd3 70. Bd2+ Kd1 71. Be3 Be2 72. Kd5 c4+
73. Kd4 Rf5 74. Rh1+ Bf1 75. Rh4 Be2 76. Rh1+ Bf1 77. Rh4 Rf7 78. Rxg4 Rd7+ 79.
Ke5 Ke2 80. Bd4 Bg2 81. Bc3 Rd5+ 82. Kf6 Kd3 83. Be5 c3 84. Ra4 c2 85. Bf4 Bh3
86. Ra3+ Kc4 87. Ra1 Kb3 88. Bc1 Rf5+ 89. Kg6 Rf1 90. Kg5 Be6 91. Ra3+ Kb4 92.
Ra1 Kb5 93. Kh4 Rg1 94. Kg5 Rxg3+ 95. Kf4 Rg1 96. Ke3 Rd1 97. Ke4 Bb3 98. Ke3
Kc4 99. Ke4 Ba2 100. Ke3 Kb3 101. Ke2 Rh1 102. Kd3 Bb1 103. Ra3+ Kb4 0-1

[Event "SPICE Cup Open 2017"]
[Site "Saint Louis USA"]
[Date "2017.10.21"]
[Round "1.10"]
[White "Cordova, Emilio"]
[Black "Wang, Justin"]
[Result "1-0"]
[WhiteTitle "GM"]
[WhiteElo "2608"]
[BlackElo "2254"]
[WhiteFideId "3801497"]
[BlackFideId "30911370"]
[EventDate "2017.10.21"]

1. Nf3 Nf6 2. d4 e6 3. c4 b6 4. Nc3 Bb7 5. Bg5 Be7 6. Qc2 h6 7. Bh4 d5 8. e3 O-O
9. Rc1 Nbd7 10. Be2 c5 11. O-O dxc4 12. dxc5 Nxc5 13. Bxc4 Qc8 14. Nd4 a6 15. a3
Nce4 16. Nxe4 Bxe4 17. Qe2 Qb7 18. f3 Bg6 19. Bg3 Nd5 20. e4 Nf6 21. b4 Nh5 22.
Be5 Bf6 23. Bxf6 Nxf6 24. Bd3 b5 25. Qe3 Qa7 26. Kf2 Rac8 27. Nc6 Qd7 28. Ne5
Qb7 29. Rxc8 Rxc8 30. Rc1 Nd7 31. Nxd7 Qxd7 32. Rxc8+ Qxc8 33. Qc5 Qd8 34. Ke2
Qf6 35. Qc1 Qd4 36. h4 h5 37. Qc8+ Kh7 38. Qxa6 Qb2+ 39. Kf1 Qa1+ 40. Ke2 Qb2+
41. Ke3 Qc1+ 42. Kf2 Qd2+ 43. Be2 Qd4+ 44. Kf1 Qa1+ 45. Kf2 Qd4+ 46. Kg3 Qd2 47.
Qxb5 f5 48. exf5 Qe1+ 49. Kf4 Bxf5 50. Ke3 Qg1+ 51. Kd2 Qd4+ 52. Bd3 Qb2+ 53.
Ke1 Qc3+ 54. Ke2 Qb2+ 55. Kf1 Qc1+ 56. Kf2 Qd2+ 57. Be2 Qd4+ 58. Kf1 Qa1+ 59.
Kf2 Qd4+ 60. Kg3 g5 61. hxg5 h4+ 62. Kh2 Qf4+ 63. Kh1 Qg3 64. Bd3 Qe1+ 65. Bf1
Kg6 66. Qe2 Qc3 67. b5 Qd4 68. a4 Qb6 69. Qd2 e5 70. a5 Qb8 71. b6 Kh5 72. Bc4
Kg6 73. Qd5 Kxg5 74. Qg8+ 1-0

[Event "SPICE Cup Open 2017"]
[Site "Saint Louis USA"]
[Date "2017.10.21"]
[Round "1.11"]
[White "Colas, Joshua"]
[Black "Nyzhnyk, Illya"]
[Result "0-1"]
[WhiteTitle "FM"]
[BlackTitle "GM"]
[WhiteElo "2242"]
[BlackElo "2594"]
[WhiteFideId "2044447"]
[BlackFideId "14118084"]
[EventDate "2017.10.21"]

1. d4 d5 2. Nf3 Nf6 3. Bf4 e6 4. e3 c5 5. c3 Nc6 6. Nbd2 Be7 7. Ne5 O-O 8. Bd3
Nd7 9. Nxd7 Bxd7 10. O-O a6 11. Nf3 f5 12. Ne5 Nxe5 13. Bxe5 Bb5 14. Bxb5 axb5
15. dxc5 Bxc5 16. Qd3 Qd7 17. Bd4 Bd6 18. f4 Qc6 19. a3 Qc4 20. Rad1 g6 21. g3
Rfe8 22. Kg2 Re7 23. Bf6 Rf7 24. Bd4 Re8 25. h4 h5 26. Rd2 Rd7 27. Rfd1 Qc6 28.
Qf1 e5 29. fxe5 Bxe5 30. Bxe5 Rxe5 31. Qf3 Qe6 32. Kf2 Re7 33. Re2 Re4 34. Rd4
Kg7 35. Kf1 Qe5 36. Kf2 Re6 37. Kf1 Rxd4 38. exd4 Qxe2+ 39. Qxe2 Rxe2 40. Kxe2
g5 41. hxg5 Kg6 42. Ke3 Kxg5 43. Kf3 b6 44. b3 f4 45. gxf4+ Kf5 46. Kg3 Ke4 47.
b4 Kf5 48. Kh4 Kxf4 49. Kxh5 Ke4 0-1

[Event "SPICE Cup Open 2017"]
[Site "Saint Louis USA"]
[Date "2017.10.21"]
[Round "1.12"]
[White "Rambaldi, Francesco"]
[Black "Guo, Arthur"]
[Result "1-0"]
[WhiteTitle "GM"]
[BlackTitle "FM"]
[WhiteElo "2574"]
[BlackElo "2219"]
[WhiteFideId "20657307"]
[BlackFideId "30903114"]
[EventDate "2017.10.21"]

1. d4 Nf6 2. Nf3 e6 3. Bf4 d5 4. e3 Bd6 5. Bg3 O-O 6. Nbd2 b6 7. c3 Ba6 8. Bxa6
Nxa6 9. Qe2 Nb8 10. e4 dxe4 11. Nxe4 Nxe4 12. Qxe4 Nd7 13. O-O-O Nf6 14. Qc2 b5
15. Bh4 Be7 16. Rhe1 Nd5 17. Bxe7 Qxe7 18. Qe4 Qf6 19. Rd2 a5 20. Ne5 Rfd8 21.
Rd3 Qg5+ 22. Kb1 f6 23. Nf3 Qf5 24. Rd2 Kf7 25. Rde2 Rd6 26. Nd2 Rc8 27. g3 a4
28. a3 h5 29. h4 g6 30. Qc2 Re8 31. Ne4 Rd7 32. f3 Rde7 33. Qd3 e5 34. dxe5 Rxe5
35. Ng5+ Kg7 36. Ne4 c6 37. Ka1 R8e7 38. Rf1 Qh3 39. Rg1 Qd7 40. f4 Qa7 41. Rge1
R5e6 42. f5 Re5 43. fxg6 Qb8 44. g4 hxg4 45. Ng3 Qc8 46. Rxe5 Rxe5 47. Rxe5 fxe5
48. h5 Kh6 49. Qd2+ Nf4 50. Qd6 Qe8 51. Qf6 Nd5 52. Nf5+ Kxh5 53. Ng3+ Kh6 54.
Nf5+ Kh5 55. Ng3+ Kh6 56. Qh4+ Kg7 57. Qh7+ Kf6 58. Ne4+ Ke6 59. Nc5+ Kd6 60.
Ne4+ Ke6 61. Ng5+ Kd6 62. Nf7+ Kc5 63. g7 Ne7 64. Nxe5 Qg8 65. Qe4 Nd5 66. Qxg4
Kd6 67. Nf7+ Qxf7 68. g8=Q Qf1+ 69. Ka2 Nxc3+ 70. bxc3 Qf2+ 71. Kb1 Qe1+ 72. Kc2
Qf2+ 73. Kd1 Qf1+ 74. Kd2 Qf2+ 75. Qe2 Qf4+ 76. Kc2 1-0

[Event "SPICE Cup Open 2017"]
[Site "Saint Louis USA"]
[Date "2017.10.21"]
[Round "1.13"]
[White "Betaneli, Alexander"]
[Black "Li, Ruifeng"]
[Result "0-1"]
[WhiteTitle "FM"]
[BlackTitle "GM"]
[WhiteElo "2204"]
[BlackElo "2564"]
[WhiteFideId "2012359"]
[BlackFideId "2061074"]
[EventDate "2017.10.21"]

1. d4 Nf6 2. Nf3 g6 3. e3 Bg7 4. c4 O-O 5. Be2 c5 6. dxc5 Na6 7. O-O Nxc5 8. b4
Nce4 9. Bb2 b6 10. Nbd2 Bb7 11. Nxe4 Bxe4 12. Rc1 Qc7 13. Nd4 Rac8 14. Nb5 Qb7
15. f3 Bc6 16. Nd4 d6 17. Nxc6 Qxc6 18. Qb3 Nd7 19. Bxg7 Kxg7 20. f4 Nf6 21. Bf3
Qd7 22. e4 e5 23. f5 g5 24. g4 h6 25. Rfd1 Qe7 26. Qe3 Rc6 27. Be2 Rfc8 28. a4
a5 29. b5 Rc5 30. h3 Kf8 31. Kg2 Qc7 32. h4 d5 33. hxg5 d4 34. Qf3 hxg5 35. Rh1
Ke7 36. Bd3 Qb8 37. Kg3 Rh8 38. Rxh8 Qxh8 39. Rh1 Qb8 40. Rh6 Rc8 41. Qh1 Qd6
42. Rh8 Rxh8 43. Qxh8 Qa3 0-1

[Event "SPICE Cup Open 2017"]
[Site "Saint Louis USA"]
[Date "2017.10.21"]
[Round "1.14"]
[White "Azarov, Sergei"]
[Black "Yoo, Christopher Woojin"]
[Result "1-0"]
[WhiteTitle "GM"]
[BlackTitle "FM"]
[WhiteElo "2556"]
[BlackElo "2194"]
[WhiteFideId "13501470"]
[BlackFideId "30909694"]
[EventDate "2017.10.21"]

1. e4 c5 2. Nf3 d6 3. d4 cxd4 4. Nxd4 Nf6 5. Nc3 a6 6. Bg5 Nbd7 7. f4 Qc7 8. Be2
e6 9. O-O Be7 10. Kh1 h6 11. Bh4 b5 12. Bf3 Rb8 13. a3 g5 14. e5 gxh4 15. exf6
Nxf6 16. Nc6 Rb6 17. Nxe7 Kxe7 18. Qe1 h3 19. Qh4 hxg2+ 20. Bxg2 Bb7 21. Rae1 b4
22. f5 Rg8 23. Bxb7 bxc3 24. Bf3 e5 25. b4 Rc6 26. Bd5 Rg4 27. Qxh6 Nxd5 28. f6+
Ke6 29. Qh5 Rf4 30. Qh3+ Kxf6 31. Qh6+ Ke7 32. Rxf4 Nxf4 33. Qxf4 Rc4 34. Qg5+
f6 35. Qg7+ Ke6 36. Qg8+ Qf7 37. Qa8 Qg6 38. Qxa6 Qg4 39. Qa8 Qg6 40. b5 Qxc2
41. Qg8+ 1-0

[Event "SPICE Cup Open 2017"]
[Site "Saint Louis USA"]
[Date "2017.10.21"]
[Round "1.15"]
[White "Black, James"]
[Black "Liang, Awonder"]
[Result "0-1"]
[BlackTitle "GM"]
[WhiteElo "2164"]
[BlackElo "2554"]
[WhiteFideId "2048280"]
[BlackFideId "2056437"]
[EventDate "2017.10.21"]

1. c4 e5 2. g3 Nf6 3. Bg2 c6 4. d4 e4 5. Nc3 d5 6. cxd5 cxd5 7. Bg5 Nbd7 8. f3
Be7 9. fxe4 dxe4 10. e3 O-O 11. Nh3 Nb6 12. Bxf6 Bxf6 13. O-O Nc4 14. Nxe4 Nxe3
15. Nxf6+ gxf6 16. Qd3 Nxf1 17. Nf4 Bf5 18. Qxf5 Ne3 19. Qd3 Nxg2 20. Kxg2 Kh8
21. d5 Qd6 22. Ne2 Rfe8 23. Nc3 Qb6 24. Rf1 Re3 25. Qd2 Rae8 26. Rf4 R3e5 27.
Rd4 a6 28. Rh4 Qe3 29. Qc2 f5 30. Rf4 b5 31. a3 a5 32. Rf3 Qe1 33. Kh3 b4 34.
axb4 axb4 35. Na4 Qe4 0-1

[Event "SPICE Cup Open 2017"]
[Site "Saint Louis USA"]
[Date "2017.10.21"]
[Round "1.16"]
[White "Kannappan, Priyadharshan"]
[Black "Rosenthal, Nicholas"]
[Result "1-0"]
[WhiteTitle "GM"]
[WhiteElo "2516"]
[BlackElo "2164"]
[WhiteFideId "5018293"]
[BlackFideId "2045150"]
[EventDate "2017.10.21"]

1. Nf3 d5 2. g3 e6 3. Bg2 Nf6 4. c4 Be7 5. O-O O-O 6. d4 b6 7. cxd5 exd5 8. Bf4
Re8 9. Nc3 Bd6 10. Rc1 a6 11. Qb3 Bb7 12. Rc2 Nc6 13. a3 Na5 14. Qa2 Nc4 15.
Rfc1 Rc8 16. Bxd6 Qxd6 17. Nb1 c5 18. e3 Na5 19. dxc5 bxc5 20. b3 d4 21. exd4
cxd4 22. Rxc8 Rxc8 23. Rxc8+ Bxc8 24. b4 Be6 25. Qe2 Nb3 26. Nbd2 d3 27. Qe3
Nxd2 28. Nxd2 Kf8 29. h3 Nd7 30. Ne4 Qd5 31. Nd2 Qd6 32. Ne4 Qd5 33. f4 Qb3 34.
Nf2 Qxa3 35. Qxd3 Qxb4 36. f5 Bxf5 37. Qxf5 Qd6 38. Ne4 Qe6 39. Qxh7 Nf6 40.
Qh8+ Ke7 41. Qh4 a5 42. Kh2 Kf8 43. Qh8+ Ke7 44. Qh4 Kf8 45. Nxf6 gxf6 46. Qh8+
Ke7 47. Qa8 Qe5 48. h4 f5 49. Qd5 f6 50. Qc4 Kf8 51. Bd5 Kg7 52. Bf3 Qe3 53. Kg2
Qe5 54. Kh3 Qe3 55. Bh5 Qe7 56. Qe2 Qb7 57. Bf3 Qc7 58. Qe6 Qe5 59. Bd5 Kh6 60.
Qg8 Qe7 61. Bf7 1-0

[Event "SPICE Cup Open 2017"]
[Site "Saint Louis USA"]
[Date "2017.10.21"]
[Round "1.17"]
[White "Easton, Jack"]
[Black "Leon Hoyos, Manuel"]
[Result "0-1"]
[BlackTitle "GM"]
[WhiteElo "2162"]
[BlackElo "2490"]
[WhiteFideId "30900069"]
[BlackFideId "5105269"]
[EventDate "2017.10.21"]

1. d4 Nf6 2. c4 c5 3. d5 e6 4. Nc3 exd5 5. cxd5 g6 6. e4 d6 7. f4 Bg7 8. Bb5+
Nfd7 9. Nf3 O-O 10. O-O a6 11. Bd3 b5 12. Kh1 Bb7 13. f5 Nf6 14. fxg6 hxg6 15.
Bg5 Nbd7 16. Qe1 Qb6 17. Qh4 Rae8 18. Rae1 c4 19. Bc2 Nh7 20. Nd1 Ne5 21. Ne3
Nxf3 22. Rxf3 Re5 23. Bf4 g5 24. Bxg5 Nxg5 25. Rg3 Qa5 26. Rd1 f6 27. Ng4 Qxa2
28. Nxe5 Qxb2 29. Ng6 Qxc2 30. Qh5 Re8 31. Rf1 Nxe4 32. Rgf3 Ng5 33. Nh4 Re5 34.
Rg3 Bxd5 35. Ng6 Bf7 0-1

[Event "SPICE Cup Open 2017"]
[Site "Saint Louis USA"]
[Date "2017.10.21"]
[Round "1.18"]
[White "Yermolinsky, Alex"]
[Black "Wang, Jason"]
[Result "1-0"]
[WhiteTitle "GM"]
[BlackTitle "CM"]
[WhiteElo "2490"]
[BlackElo "2153"]
[WhiteFideId "2005492"]
[BlackFideId "30908124"]
[EventDate "2017.10.21"]

1. Nf3 d5 2. g3 Bg4 3. Bg2 Nd7 4. c4 e6 5. Qb3 Nc5 6. Qc2 Nf6 7. d3 c6 8. O-O
Bd6 9. Nbd2 O-O 10. b3 Ncd7 11. Bb2 e5 12. h3 Bh5 13. Rae1 Qe7 14. Nh4 Bg6 15.
e4 dxe4 16. dxe4 Rfd8 17. Nf5 Qf8 18. Nf3 Bc7 19. g4 Re8 20. Rd1 Rad8 21. Rfe1
h6 22. Bc3 Nh7 23. b4 f6 24. c5 Qf7 25. Bf1 Ndf8 26. Bd2 Ne6 27. Bxh6 Qf8 28.
Rxd8 Rxd8 29. Bc4 gxh6 30. Bxe6+ Kh8 31. Kg2 Ng5 32. Nxg5 fxg5 33. Rd1 Rxd1 34.
Qxd1 Be8 35. Nd6 Bg6 36. Bf5 Be8 37. Nxb7 Qe7 38. Nd6 Qd8 39. Qa4 Bxd6 40. cxd6 1-0

[Event "SPICE Cup Open 2017"]
[Site "Saint Louis USA"]
[Date "2017.10.21"]
[Round "1.19"]
[White "Baginskaite, Camilla"]
[Black "Chandra, Akshat"]
[Result "0-1"]
[WhiteTitle "WGM"]
[BlackTitle "GM"]
[WhiteElo "2140"]
[BlackElo "2483"]
[WhiteFideId "2014599"]
[BlackFideId "25006711"]
[EventDate "2017.10.21"]

1. d4 Nf6 2. c4 e6 3. Nf3 d5 4. Bg5 Bb4+ 5. Nc3 h6 6. Bxf6 Qxf6 7. e3 O-O 8. Rc1
Nc6 9. a3 Bxc3+ 10. Rxc3 dxc4 11. Bxc4 e5 12. dxe5 Nxe5 13. Nxe5 Qxe5 14. O-O
Bf5 15. Qd5 Qxd5 16. Bxd5 c6 17. Bf3 Rfd8 18. g4 Bd3 19. Rd1 Bb5 20. b3 Rxd1+
21. Bxd1 Rd8 22. Bc2 a5 23. Kg2 Rd2 24. h4 Kf8 25. g5 hxg5 26. hxg5 Ke7 27. Kg3
Kd6 28. b4 a4 29. f4 b6 30. e4 c5 31. bxc5+ bxc5 32. Kf3 Rh2 33. Ke3 Re2+ 34.
Kf3 Re1 35. Kf2 Rf1+ 36. Ke3 c4 37. e5+ Kc5 38. g6 fxg6 39. Bxg6 Rg1 40. Be4
Re1+ 41. Kf3 Kd4 42. Rc2 Re3+ 0-1

[Event "SPICE Cup Open 2017"]
[Site "Saint Louis USA"]
[Date "2017.10.21"]
[Round "1.20"]
[White "Quintiliano Pinto, Renato R."]
[Black "Cervantes Landeiro, Thalia"]
[Result "1-0"]
[WhiteTitle "IM"]
[BlackTitle "WFM"]
[WhiteElo "2451"]
[BlackElo "2107"]
[WhiteFideId "2117568"]
[BlackFideId "3520498"]
[EventDate "2017.10.21"]

1. d4 Nf6 2. c4 g6 3. Nc3 d5 4. Nf3 Bg7 5. Qa4+ Bd7 6. Qb3 dxc4 7. Qxc4 O-O 8.
Bf4 Na6 9. e4 c5 10. e5 Nh5 11. Be3 cxd4 12. Qxd4 Bc6 13. Be2 Qxd4 14. Nxd4 Nb4
15. a3 Nd5 16. Nxc6 bxc6 17. Nxd5 cxd5 18. g4 Bxe5 19. gxh5 Bxb2 20. Rd1 Rfd8
21. Bf3 e6 22. Rd3 Rac8 23. O-O a6 24. Rb1 Bh8 25. Rb6 d4 26. Bd2 e5 27. Rxa6 f5
28. Bd1 Bg7 29. hxg6 h6 30. Bb3+ Kh8 31. Rh3 f4 32. Ra7 1-0